[Event "milton X Potter"]
[Site "http://www.queenalice.com/game.php?id=807880"]
[Date "2010.7.24"]
[Round "-"]
[White "miltonferreira"]
[Black "Harry_Potter"]
[Result "1-0"]
[WhiteElo "1465"]
[BlackElo "1031"]

1. d4 Nf6 2. Nc3 d5 3. Bg5 h6 4. Bh4 Nc6 5. Nf3 e6 6. Qd3 g5 7. Bg3 g4 8. Nh4
Qe7 9. Nb5 Qb4+ 10. c3 Qa5 11. Nxc7+ Kd8 12. Nxa8 Ne8 13. e4 Nc7 14. b4 Nxb4 15.
cxb4 Bxb4+ 16. Kd1 f5 17. Bxc7+ Ke8 18. Bxa5 Bxa5 19. Qb5+ Bd7 20. Qxb7 Ba4+ 21.
Ke2 Rf8 22. Qxa7 Rf7 23. Qxa5 dxe4 24. Nc7+ Kd8 25. Nxe6+ Ke7 26. Nc5 f4 27.
Nxa4 f3+ 28. gxf3 exf3+ 29. Kd3 Rg7 30. Nf5+ Kf6 31. Re1 Rg5 32. Qe5+ Kg6 33.
Qe6+ Kh5 34. Qxh6# 1-0

[Event "padre_amaro x potter "]
[Site "http://www.queenalice.com/game.php?id=808688"]
[Date "2010.7.25"]
[Round "-"]
[White "Harry_Potter"]
[Black "Padre_Amaro"]
[Result "0-1"]
[WhiteElo "1031"]
[BlackElo "1978"]

1. e4 e5 2. Nf3 Nc6 3. Bb5 a6 4. Ba4 Nf6 5. Nc3 d5 6. O-O Bg4 7. a3 dxe4 8. b4
exf3 9. h3 fxg2 10. hxg4 gxf1=Q+ 11. Kxf1 Bxb4 12. Na2 Be7 13. Nb4 Qd7 14. d3 b5
15. Bb3 Nxb4 16. axb4 Nxg4 17. Ke2 Bh4 18. Qg1 Bxf2 19. Qf1 O-O 20. c3 Rad8 21.
Kf3 Nh2+ 22. Kxf2 Qf5+ 23. Bf4 Qxf4+ 24. Ke2 Nxf1 25. Rxf1 Qg4+ 26. Ke1 Rxd3 27.
Kf2 Rxc3 28. Rg1 Qf3+ 29. Ke1 Rxb3 30. Rf1 Qe3+ 31. Kd1 Rd8+ 32. Kc2 Qc3# 0-1

[Event "don_vito x potter"]
[Site "http://www.queenalice.com/game.php?id=808689"]
[Date "2010.7.25"]
[Round "-"]
[White "Harry_Potter"]
[Black "Don_Vito"]
[Result "0-1"]
[WhiteElo "1031"]
[BlackElo "1892"]

1. e4 e5 2. Nf3 Nc6 3. Bb5 a6 4. Ba4 Nf6 5. Nc3 Bb4 6. O-O O-O 7. Bb3 Na5 8. Bd5
c6 9. Bb3 Nxb3 10. cxb3 Re8 11. d4 exd4 12. Qxd4 Bxc3 13. bxc3 Rxe4 14. Qd1 d5
15. c4 Bg4 16. Bg5 h6 17. Bh4 dxc4 18. bxc4 Qxd1 19. Raxd1 Bxf3 20. gxf3 Rxh4
21. Rd2 b5 22. c5 Rh5 23. Rfd1 Rxc5 24. Rd8+ Rxd8 25. Rxd8+ Kh7 26. Ra8 Rc3 27.
Rd8 Rxf3 28. Rc8 Rc3 29. Ra8 Ra3 30. Ra7 Rxa2 0-1

[Event "Poirot x Potter "]
[Site "http://www.queenalice.com/game.php?id=809999"]
[Date "2010.7.28"]
[Round "-"]
[White "Harry_Potter"]
[Black "Poirot"]
[Result "0-1"]
[WhiteElo "1031"]
[BlackElo "1808"]

1. e4 e5 2. Nf3 Nc6 3. d4 exd4 4. Nxd4 Nxd4 5. Qxd4 d6 6. Qa4+ Bd7 7. Bb5 c6 8.
Bc4 b5 9. Qb3 bxc4 10. Qxc4 Nf6 11. Bg5 Be7 12. O-O a6 13. Nc3 O-O 14. Rad1 d5
15. exd5 cxd5 16. Rxd5 Nxd5 17. Nxd5 Bxg5 18. Ne3 Bb5 19. Qb3 Bxf1 20. Kxf1 Bxe3
21. Qxe3 Re8 22. Qc1 Re6 23. h4 Qxh4 24. g3 Qh1# 0-1

[Event "Challenge"]
[Site "http://www.queenalice.com/game.php?id=816568"]
[Date "2010.8.11"]
[Round "-"]
[White "Harry_Potter"]
[Black "rafa_sax88"]
[Result "0-1"]
[WhiteElo "1019"]
[BlackElo "1187"]

1. e4 e5 2. Nf3 Nf6 3. Nc3 Nc6 4. Bb5 Bb4 5. a3 Bc5 6. O-O d5 7. d3 d4 8. Na4
Bg4 9. Nxc5 Qd6 10. b4 a6 11. Ba4 b5 12. Bb3 O-O 13. Nb7 Qe7 14. Ng5 Bxd1 15.
Rxd1 Ng4 16. c4 bxc4 17. Bxc4 Nd8 18. h3 Nh6 19. a4 Nxb7 20. Bd2 Qf6 21. f3 c5
22. Rab1 Qg6 23. h4 Qc6 24. b5 Nd8 0-1

[Event "Challenge"]
[Site "http://www.queenalice.com/game.php?id=818120"]
[Date "2010.8.14"]
[Round "-"]
[White "rafa_sax88"]
[Black "Harry_Potter"]
[Result "1-0"]
[WhiteElo "1177"]
[BlackElo "1031"]

1. e4 e5 2. b3 Nf6 3. c4 Bb4 4. Nf3 Nc6 5. Nc3 Nd4 6. Nd5 Ng4 7. a3 Ba5 8. Nxd4
Qg5 9. b4 Bb6 10. c5 d6 11. Nf3 Qh6 12. d4 Qg6 13. cxb6 O-O 14. bxc7 b5 15. dxe5
dxe5 16. Nh4 Qxe4+ 17. Be2 Qf5 18. Nxf5 Bxf5 19. O-O e4 20. Bb2 a6 21. Qd4 1-0